=LDR 00000nam 2200000 4500 =001 INLIS000000000001556 =005 20130612085946 =008 ***********************************Ind** =035 ##$$0010-061300000001556 =041 ##$$a Ind =082 ##$$a 959.8 =090 ##$$a 959.8, Sej-s =245 ##$$a Sejarah (IPS) SLTP Pendidikan Dasar kurikulum 1994 sesuai GBPP =260 ##$$a 1994 $b Semarang =300 ##$$a ...jil, ilus, 21 cm =650 ##$$a Sejarah =650 ##$$a Indonesia =850 ##$$a NBPNMAT